Normal view
MARC view
- تسوية النزاعات -- الصراع الدولي -- السلام
Entry Topical Term
001 - CONTROL NUMBER
- control field: 14715
003 - CONTROL NUMBER IDENTIFIER
- control field: JO-AjAnu
005 - DATE AND TIME OF LATEST TRANSACTION
- control field: 20230606072641.0
008 - FIXED-LENGTH DATA ELEMENTS
- fixed length control field: 230606|| aca||aabn | a|a d
040 ## - CATALOGING SOURCE
- Original cataloging agency: JO-AjAnu
- Transcribing agency: JO-AjAnu
150 ## - HEADING--TOPICAL TERM
- Topical term or geographic name entry element: تسوية النزاعات -- الصراع الدولي -- السلام
670 ## - SOURCE DATA FOUND
- Source citation: Work cat.: (JO-AjAnu)7557: فالنستين ، نرجمة السعد ، سعد فيصل ، دبور ، محمد محمود, author 14714, مدخل إلى فهم الصراعات : الحرب والسلام والنظام العالمي